| 000 | 00559nam a2200181 a 4500 | ||
|---|---|---|---|
| 001 | 000047993 | ||
| 005 | 20201002060842.0 | ||
| 008 | 181010s2007 dr ac 000 0 spa d | ||
| 020 | _a9789945140163 | ||
| 040 |
_aDO-SdBNP _bspa _cBNPHU |
||
| 082 |
_axx _bxx |
||
| 100 | 1 |
_aFleury, John _92169 |
|
| 245 | 1 | 3 |
_aEl padre Emiliano nos escribe / _cJohn Fleury. |
| 260 |
_aSanto Domingo : _bEditora Corripio, _c2007. |
||
| 300 |
_a151 p. : _bils., retrs. ; _c23 cm. |
||
| 500 | _aIncluye datos biográficos del autor en las solapas | ||
| 590 | _aInventariado, 2019/VM | ||
| 999 |
_c47481 _d47481 |
||